ইসলামী আদর্শ : (Record no. 17990)
[ view plain ]
| 000 -LEADER | |
|---|---|
| fixed length control field | 01068nam a22002057a 4500 |
| 003 - CONTROL NUMBER IDENTIFIER | |
| control field | BDDh-ASL |
| 005 - DATE AND TIME OF LATEST TRANSACTION | |
| control field | 20231015025651.0 |
| 008 - FIXED-LENGTH DATA ELEMENTS--GENERAL INFORMATION | |
| fixed length control field | 200916b1991 ||||| |||| 00| 0 d |
| 040 ## - CATALOGING SOURCE | |
| Original cataloging agency | BDDh-ASL |
| Transcribing agency | BDDh-ASL |
| Modifying agency | BDDh-ASL |
| 041 ## - LANGUAGE CODE | |
| Language code of text/sound track or separate title | bengali |
| 082 ## - DEWEY DECIMAL CLASSIFICATION NUMBER | |
| Classification number | 297.09 |
| Item number | HOI |
| 100 ## - MAIN ENTRY--PERSONAL NAME | |
| 9 (RLIN) | 821 |
| Personal name | হোসাইন, আয়াতুল্লাহ সাইয়্যেদ মুহাম্মদ |
| 245 #0 - TITLE STATEMENT | |
| Title | ইসলামী আদর্শ : |
| Remainder of title | একটি বৈজ্ঞানিক পর্যালোচনা/ |
| Statement of responsibility, etc. | আয়াতুল্লাহ সাইয়্যেদ মুহাম্মদ হোসাইন; সিরাজুল হক (অনু.)। |
| 246 ## - VARYING FORM OF TITLE | |
| Title proper/short title | Islami Adorsha |
| 260 ## - PUBLICATION, DISTRIBUTION, ETC. | |
| Place of publication, distribution, etc. | ঢাকা: |
| Name of publisher, distributor, etc. | আল্ কুদস পাবলিকেশন্স, |
| Date of publication, distribution, etc. | ১৯৯১। |
| 300 ## - PHYSICAL DESCRIPTION | |
| Extent | ১১০ পৃষ্ঠা: |
| Dimensions | ২১ সে. মি.। |
| 650 #0 - SUBJECT ADDED ENTRY--TOPICAL TERM | |
| 9 (RLIN) | 749 |
| Topical term or geographic name entry element | ইসলামী সমাজ ব্যবস্থা |
| General subdivision | ইসলাম ধর্ম |
| 700 #0 - ADDED ENTRY--PERSONAL NAME | |
| 9 (RLIN) | 822 |
| Personal name | হক, সিরাজুল |
| 942 ## - ADDED ENTRY ELEMENTS (KOHA) | |
| Source of classification or shelving scheme | Dewey Decimal Classification |
| Koha item type | Books |
| Withdrawn status | Lost status | Source of classification or shelving scheme | Damaged status | Not for loan | Collection code | Home library | Current library | Shelving location | Date acquired | Source of acquisition | Total Checkouts | Full call number | Barcode | Date last seen | Copy number | Price effective from | Koha item type |
|---|---|---|---|---|---|---|---|---|---|---|---|---|---|---|---|---|---|
| Dewey Decimal Classification | Non-fiction | Asiatic Society Library | Asiatic Society Library | General Stacks | 09/16/2020 | Donated by Professor Husniara Huq | 297.09 HOI | 101132 | 09/16/2020 | C-1 | 09/16/2020 | Books |